| 000 | 00845nam a2200241 i 4500 | ||
|---|---|---|---|
| 001 | 182747 | ||
| 003 | ES-MaACL | ||
| 005 | 20251012063102.0 | ||
| 008 | 131022s1984 sp a |||| |bspa d | ||
| 080 | _a92(46)"15/19":946.31 | ||
| 080 | _a946.3(092.3) | ||
| 100 | 1 |
_aAlmuiña, Celso, _d1943- _920165 |
|
| 245 | 1 | 0 |
_aHistoriadores clásicos / _cCelso Almuiña. |
| 260 |
_aValladolid : _bObra Cultural de la Caja de Ahorros Popular, _c[1984] |
||
| 300 |
_ap. 225-252 : _bil. ; _c24 cm. |
||
| 490 | 1 |
_aVallisoletanos ; _v27. III, Personajes históricos |
|
| 504 | _aBibliografía: p. 252. | ||
| 650 | 4 |
_aHistoriadores- _zEspaña. _913436 |
|
| 651 | 4 |
_aValladolid- _vHistoriografía. _9153718 |
|
| 830 | 0 |
_aVallisoletanos ; _v27. III, Personajes históricos _9224889 |
|
| 852 |
_aES-MaACL _j2327-F-19 |
||
| 999 |
_c182747 _d182747 |
||